000 01385nam2a2200289 4500
001 rc\2987339
005 20260315062921.0
035 _a(NLR Aleph) 007131708
090 _a13612694
_c13612694
100 _a20110913d1939 u y0rusy50 ca
101 0 _arus
102 _aRU
105 _aba z |||||
200 0 _a9
_f[Сост. А.Г. Борисова, В.Л. Комаров, А.Н. Криштофович и др.]
_g[Ред. С.В. Юзепчук]
210 _d1939
215 _aXX, 542 с., 2 вкл. л. карт.
_cил., карт.
320 _aАлф. указатели рус. и латин. названий порядков, семейств родов и видов растений. IX т: Флоры СССР, с. 511-39
461 0 _1001rc\2987330
_12000#$aФлора СССР$e1-$fГл. ред. акад. В.Л. Комаров$gБотан. ин-т Акад. наук СССР$v9
_96966123
_cЛенинград
_d1934-1964
_fГл. ред. акад. В.Л. Комаров
_nизд-во и тип. изд-ва Акад. наук СССР
_o1-
_tФлора СССР
_v9
702 1 _aБорисова
_bА.Г.
_4220
702 1 _aКомаров
_bВ.Л.
_4220
702 1 _aКриштофович
_bА.Н.
_4220
702 1 _aЮзепчук
_bС.В.
_4340
801 0 _aRU
_bNLR
_gpsbo
801 1 _aRU
_bELAR
_2rusmarc
852 _aNLR
_j34-19/118(9)
942 _cUNSPEC
980 _aNB